San Marino -visa - Statistics

Yleistilastot
  • Tätä visaa on pelattu 481 kertaa
    268 viimeisimmän päivityksen jälkeen
  • Keskiarvotulos 8 / 15
Vastaustilastot
Vihje Vastaus % Oikein
Tämä valtio ympäröi täysin San Marinoa Italia
98%
San Marinon pääkaupunki San Marino
98%
Valuutta Euro
86%
Kristinuskon haara, johon 94 prosenttia väestöstä kuuluu Katolisuus
76%
Maa, joka valloitti hetkeksi San Marinon vuonna 1944 Saksa
75%
San Marinon jalkapallomaajoukkue on voittanut yli 200 pelaamastaan ottelusta vain kolme. Mitä pientä valtiota vastaan nämä voitot tulivat? Liechtenstein
61%
Brasilialainen formulakuski, joka kuoli vuoden 1994 San Marinon GP:ssä (jota ei oikeastaan järjestetty San Marinossa) Ayrton Senna
57%
San Marinoa vuosina 1923-1943 hallinneen puolueen ideologia Fasismi
55%
San Marino väittää olevansa maailman _____ tasavalta Vanhin
48%
Vuorijono, jossa San Marino sijaitsee Apenniinit
36%
Rakennus, joita vaakunassa on kolme Torni
36%
San Marino tuottaa osan tuloistaan myymällä näitä keräilyesineitä kansainvälisille keräilijöille Postimerkkejä
29%
San Marinon johtajaksi valitaan kuuden kuukauden välein kapteenivaltionhoitaja. Mikä antiikin Rooman virka muistutti tätä asemaa? Konsuli
18%
Korkein kohta, 739 metriä merenpinnasta Monte {Titano}
13%
Väkirikkain asutus Dogana
12%
Ehtoja vastaavia visoja ei löytynyt
Tulosjakauma
Jokaisen tuloksen saaneiden osuus
Persentiili vastausten määrän mukaan
Tuloshistoriasi
Et ole pelannut tätä visaa sen viimeisimmän päivityksen jälkeen